College textbook of the Truscott system of angular analysis and controlled adjusting ... (Record no. 38029)
[ view plain ]
| 000 -LEADER | |
|---|---|
| fixed length control field | 00608cam a22002051 4500 |
| 001 - CONTROL NUMBER | |
| control field | med47000301 |
| 003 - CONTROL NUMBER IDENTIFIER | |
| control field | DLC |
| 005 - DATE AND TIME OF LATEST TRANSACTION | |
| control field | 20260227111558.0 |
| 008 - FIXED-LENGTH DATA ELEMENTS--GENERAL INFORMATION | |
| fixed length control field | 810815s1946 xx ac 000 0 eng |
| 010 ## - LIBRARY OF CONGRESS CONTROL NUMBER | |
| LC control number | med47000301 |
| 035 ## - SYSTEM CONTROL NUMBER | |
| System control number | (OCoLC)14731334 |
| 040 ## - CATALOGING SOURCE | |
| Original cataloging agency | DLC |
| Transcribing agency | DNLM |
| Modifying agency | DLC |
| 042 ## - AUTHENTICATION CODE | |
| Authentication code | premarc |
| 050 00 - LIBRARY OF CONGRESS CALL NUMBER | |
| Classification number | RM730 |
| Item number | .F83 |
| 060 0# - NATIONAL LIBRARY OF MEDICINE CALL NUMBER | |
| Classification number | WB 905 |
| Item number | F917c 1946 |
| 100 1# - MAIN ENTRY--PERSONAL NAME | |
| Personal name | Frisbie, Granville Kimball, |
| Dates associated with a name | 1902- |
| 245 10 - TITLE STATEMENT | |
| Title | College textbook of the Truscott system of angular analysis and controlled adjusting ... |
| 260 ## - PUBLICATION, DISTRIBUTION, ETC. | |
| Place of publication, distribution, etc. | San Jose, Calif., |
| Name of publisher, distributor, etc. | L. L. Truscott, |
| Date of publication, distribution, etc. | c1946. |
| 300 ## - PHYSICAL DESCRIPTION | |
| Extent | 99 p. |
| Other physical details | ill., ports. |
No items available.